Aj za krátky čas dokázali svoju opodstatnenosť Chystá sa 1. riadne Valné zhromaždenie Únie podnikateľov a zamestnávateľov v potravinárskom priemysle na Slovensku

Bibliographic Details
Main Author: Jászberényi, Jozef (Author)
Format: Article
Language:Slovak
Subjects:

MARC

LEADER 00000nab a2200000 a 4500
001 vtls000606017
003 SK-MaSNL
005 20260303014130.0
008 160401c1996 xo 0 slo
015 |a SNBRB19rr/mm-uuuuu 
035 |a CL0606156 
040 |a SNKBUCL  |b slo  |c SNKBUCL  |e AACR2 
041 0 |a slo 
044 |a xo  |c SK 
080 |a 663/664:658.114:061.2(437.6)  |2 1981 
100 1 |a Jászberényi, Jozef  |4 aut  |9 901115 
245 1 0 |a Aj za krátky čas dokázali svoju opodstatnenosť  |b Chystá sa 1. riadne Valné zhromaždenie Únie podnikateľov a zamestnávateľov v potravinárskom priemysle na Slovensku  |c Jozef Jászberényi 
650 0 7 |a Únia podnikateľov a zamestnávateľov v potravinárskom priemysle na Slovensku  |2 snkbucl  |9 901114 
655 7 |a články z novín a časopisov  |2 snkbucl  |9 267496 
773 0 |t Roľnícke noviny  |g Č. 260 (7. 11. 1996), s. 3 
850 |a Slovenská národná knižnica v Martine  |a MTA001 
852 |a SNK  |b KIS3GCP 
958 |a SK 
958 |a RK 
958 |a RBX 
999 |c 1606113  |d 1608043